| 000 | 00966nac a22003017a 4500 | ||
|---|---|---|---|
| 001 | BR7601966 | ||
| 003 | BR-BrBNA | ||
| 005 | 20240105113932.0 | ||
| 008 | 230509b bl.|||m| |||| 00| 0 por d | ||
| 040 |
_aBR-BrBNA _bpor _cBiblioteca Nacional de Agricultura |
||
| 072 | _aP12 | ||
| 090 | _a0790 BR7601966 | ||
| 100 | 1 | _aBarreto, G.B. | |
| 100 | 1 | _aRigitano, O. | |
| 100 | 1 | _aOjima, M. | |
| 110 | 1 | _aInstituto Agronomico, Campinas, SP (Brasil) | |
| 245 | 1 | _aIrrigacao de nectarinas. Comparacao entre sistemas de gotejo e de pequenas bacias de inundacoes | |
| 260 | 3 |
_aCampinas, SP (Brasil): _c1976. |
|
| 300 | _a16 p. | ||
| 490 |
_aBoletim tecnico - Instituto Agronomico (Brazil) _vno. 36 _x |
||
| 500 | _a7 illus.; Summaries (En, Pt); 5 ref. | ||
| 650 | _aIrrigacao | ||
| 650 | _aNectarina | ||
| 650 | _aIrrigacao por gotejamento | ||
| 650 | _aIrrigacao por inundacao | ||
| 909 |
_a202312 _bLúcia Elande _c55 _dLúcia Elande |
||
| 942 |
_2AGRIS _n0 _cMS |
||
| 999 |
_c266444 _d266444 |
||